[Event "BCF-chT4 0304 (4NCL)"]
[Site "West Bromwich "]
[Date "2004.06.19"]
[Round "10.5"]
[White "McGuinness, Andrew E"]
[Black "Rhodes, Peter"]
[Result "1-0"]
[WhiteElo "1776"]
[BlackElo "1064"]
[PlyCount "97"]
[EventDate "2003.10.??"]
[EventType "team"]
[EventRounds "11"]
[EventCountry "ENG"]
[SourceTitle "EXT 2005"]
[Source "ChessBase"]
[SourceDate "2004.11.15"]
[SourceVersion "1"]
[SourceVersionDate "2004.11.15"]
[SourceQuality "1"]
[WhiteTeam "Metropolitan"]
[BlackTeam "Hilsmark Kingfisher III"]
[WhiteTeamCountry "ENG"]
[BlackTeamCountry "ENG"]

1. e4 d6 2. Nc3 Nf6 3. g3 g6 4. Bg2 Bg7 5. Nge2 0-0 6. d3 c5 7. h3 Nc6 8. 0-0 Rb8 9. Be3 Qb6 10. Rb1 Qc7 11. Qd2 b5 12. Bh6 b4 13. Nd1 Nd4 14. Bxg7 Kxg7 15. f4 Nxe2+ 16. Qxe2 Bb7 17. Ne3 e6 18. g4 Rbe8 19. Qf2 d5 20. e5 Ng8 21. g5 h5 22. Rfd1 Ne7 23. d4 c4 24. Ra1 a5 25. a3 Ra8 26. Bf3 Nc6 27. c3 b3 28. Rd2 Rh8 29. Rad1 Ne7 30. Qg2 Qd7 31. Nxc4 dxc4 32. Bxb7 Rab8 33. Be4 Nd5 34. Qf3 a4 35. h4 Rhd8 36. Rf2 Rb6 37. Qe2 Rc8 38. Qf3 Rd8 39. Kh2 Rh8 40. Bxd5 Qxd5 41. Qxd5 exd5 42. f5 Rf8 43. Rdf1 gxf5 44. Rxf5 Re6 45. Rf6 Kg8 46. R1f5 Kg7 47. Kg3 Kg8 48. Kf4 Kg7 49. Rxe6 1-0

[Event "BCF-chT4 0304 (4NCL)"]
[Site "West Bromwich "]
[Date "2004.05.30"]
[Round "8.6"]
[White "Retallick, Lloyd"]
[Black "McGuinness, Andrew E"]
[Result "1/2-1/2"]
[WhiteElo "1952"]
[BlackElo "1776"]
[PlyCount "91"]
[EventDate "2003.10.??"]
[EventType "team"]
[EventRounds "11"]
[EventCountry "ENG"]
[SourceTitle "EXT 2005"]
[Source "ChessBase"]
[SourceDate "2004.11.15"]
[SourceVersion "1"]
[SourceVersionDate "2004.11.15"]
[SourceQuality "1"]
[WhiteTeam "Poisoned Pawns II"]
[BlackTeam "Metropolitan"]
[WhiteTeamCountry "ENG"]
[BlackTeamCountry "ENG"]

1. d4 c5 2. d5 b5 3. c4 bxc4 4. e4 d6 5. Bxc4 Nd7 6. Nf3 Rb8 7. 0-0 g6 8. Nc3 Bg7 9. Bb5 Nh6 10. Bf4 0-0 11. Bxd7 Bxd7 12. Qd2 Ng4 13. h3 Ne5 14. Nxe5 dxe5 15. Be3 Qa5 16. Rfc1 Rfc8 17. Rc2 f5 18. f3 f4 19. Bf2 g5 20. Rac1 c4 21. a3 Rb3 22. Nb1 Qa6 23. Rc3 Rcb8 24. Rxb3 Rxb3 25. Rc3 Qb7 26. Rxb3 Qxb3 27. Bxa7 h5 28. Nc3 g4 29. hxg4 hxg4 30. fxg4 Bxg4 31. Bc5 Bf6 32. d6 exd6 33. Qxd6 Bg7 34. Nd5 Qd1+ 35. Kh2 Qe1 36. Nf6+ Kf7 37. Qe7+ Kg6 38. Qe8+ Kg5 39. Nxg4 Qg3+ 40. Kg1 Qxg4 41. Qf7 Qd1+ 42. Kh2 Kh6 43. Bf2 Qe2 44. Qe6+ Kh7 45. Qf5+ Kh8 46. Qc8+ 1/2-1/2

[Event "BCF-chT4 0304 (4NCL)"]
[Site "West Bromwich "]
[Date "2004.05.29"]
[Round "7.6"]
[White "McGuinness, Andrew E"]
[Black "Bourne, Johnathan"]
[Result "1/2-1/2"]
[WhiteElo "1776"]
[BlackElo "2032"]
[PlyCount "59"]
[EventDate "2003.10.??"]
[EventType "team"]
[EventRounds "11"]
[EventCountry "ENG"]
[SourceTitle "EXT 2005"]
[Source "ChessBase"]
[SourceDate "2004.11.15"]
[SourceVersion "1"]
[SourceVersionDate "2004.11.15"]
[SourceQuality "1"]
[WhiteTeam "Metropolitan"]
[BlackTeam "Brown Jack"]
[WhiteTeamCountry "ENG"]
[BlackTeamCountry "ENG"]

1. e4 e5 2. Nc3 Nc6 3. Nf3 Nf6 4. d4 exd4 5. Nxd4 Bc5 6. Nxc6 bxc6 7. Bd3 d6 8. 0-0 Ng4 9. Bf4 g5 10. Bd2 Qe7 11. Qf3 Qe5 12. Qg3 Rg8 13. Qxe5+ Nxe5 14. Be2 Be6 15. Na4 Bb6 16. Nxb6 axb6 17. Bc3 Ke7 18. f4 gxf4 19. Rxf4 Rg5 20. a4 Rag8 21. g3 Bg4 22. Bxg4 Rxg4 23. Raf1 Rxf4 24. Rxf4 Ra8 25. b3 b5 26. axb5 cxb5 27. Rf5 Ke6 28. h3 Ra2 29. Bxe5 dxe5 30. Rf2 1/2-1/2

[Event "BCF-chT4 0304 (4NCL)"]
[Site "West Bromwich "]
[Date "2004.03.27"]
[Round "5.6"]
[White "McGuinness, Andrew E"]
[Black "Graham, Neil"]
[Result "1/2-1/2"]
[WhiteElo "1776"]
[BlackElo "1736"]
[PlyCount "39"]
[EventDate "2003.10.??"]
[EventType "team"]
[EventRounds "11"]
[EventCountry "ENG"]
[SourceTitle "EXT 2005"]
[Source "ChessBase"]
[SourceDate "2004.11.15"]
[SourceVersion "1"]
[SourceVersionDate "2004.11.15"]
[SourceQuality "1"]
[WhiteTeam "Metropolitan"]
[BlackTeam "Nottinghamshire"]
[WhiteTeamCountry "ENG"]
[BlackTeamCountry "ENG"]

1. e4 e5 2. Nf3 Nf6 3. Nc3 Bb4 4. Nxe5 0-0 5. Be2 d6 6. Nd3 Bxc3 7. dxc3 Nxe4 8. 0-0 Bf5 9. Bf4 Nd7 10. f3 Nec5 11. Re1 Qf6 12. Qd2 Nxd3 13. cxd3 Nc5 14. d4 Ne6 15. Bc4 h6 16. a4 Bg6 17. Bg3 Ng5 18. Qf2 Rfe8 19. Bh4 Qf5 20. Bxg5 1/2-1/2

[Event "BCF-chT qual (4NCL)"]
[Site "England"]
[Date "2002.06.02"]
[Round "3"]
[White "Hague, Ben"]
[Black "McGuinness, Andrew E"]
[Result "1-0"]
[WhiteElo "2219"]
[BlackElo "1888"]
[PlyCount "51"]
[EventDate "2002.06.??"]
[EventType "team"]
[EventRounds "8"]
[EventCountry "ENG"]
[SourceTitle "EXT 2005"]
[Source "ChessBase"]
[SourceDate "2004.11.15"]
[SourceVersion "1"]
[SourceVersionDate "2004.11.15"]
[SourceQuality "1"]
[WhiteTeam "NW Eagles"]
[BlackTeam "Metropolitan"]
[WhiteTeamCountry "ENG"]
[BlackTeamCountry "ENG"]

1. e4 c5 2. d4 cxd4 3. c3 dxc3 4. Nxc3 Nc6 5. Bc4 e6 6. Nf3 a6 7. 0-0 b5 8. Bb3 Qc7 9. Qe2 Bd6 10. Be3 Nge7 11. Rac1 Qb8 12. Rfd1 0-0 13. Bc2 Ng6 14. h4 f6 15. h5 Nge5 16. Nxe5 fxe5 17. Qg4 Rf7 18. a3 Na5 19. Rd3 Nc4 20. Bh6 Bb7 21. Rcd1 Bc5 22. Rxd7 Bxf2+ 23. Kh1 Ne3 24. Bxe3 Bxe3 25. Rxf7 Kxf7 26. Rd7+ 1-0